Neurociencia educativa: mente, cerebro y educación

Wedi'i Gadw mewn:
Manylion Llyfryddiaeth
Prif Awdur: Sousa, David A (Awdur)
Fformat: Llyfr
Iaith:Sbaeneg
Cyhoeddwyd: Madrid Narcea 2014
Rhifyn:1a. ed
Cyfres:Educación Hoy Estudios
Pynciau:
Tagiau: Ychwanegu Tag
Dim Tagiau, Byddwch y cyntaf i dagio'r cofnod hwn!

MARC

LEADER 00000cam a2200000 a 4500
001 UCD2327
003 CL-VaPUC
005 20250303102753.0
008 160421e20140000sp |||||||||||||||||spa|d
999 |c 363489  |d 363487 
020 |a 9788427720367 
040 |c Pontificia Universidad Católica de Valparaíso 
082 0 4 |a 370.152  |b SOU  |2 21 
100 0 |a Sousa, David A  |e author  |9 585663 
245 1 0 |a Neurociencia educativa: mente, cerebro y educación 
250 |a 1a. ed 
260 |a Madrid  |b Narcea  |c 2014 
300 |a 198 
490 0 |a Educación Hoy Estudios 
583 |a last modification  |c 20160421 23:07:00  |k Rodrigo Vera 
650 0 |a Psicología educacional   |9 307830 
650 0 |a Aprendizaje   |9 254827 
650 0 |a Neuropsicología  |9 270837 
942 |c BK  |2 ddc 
945 |d 20160421 23:07:00  |a arojas 
952 |0 0  |1 0  |3 erb  |4 0  |6 370_152000000000000_SOU_2014  |7 0  |8 A  |9 475943  |a BIBTEO  |b BIBTEO  |i 5282675  |l 1  |o 370.152 SOU 2014  |p 5282675  |r 2025-01-17  |s 2024-08-05  |w 2019-11-24  |y BK  |z Catalogado en:20160421  |k ICR